<The> Global structure of financial markets <an> overview
Salvato in:
| Altri autori: | , |
|---|---|
| Natura: | Libro |
| Lingua: | inglese |
| Pubblicazione: |
London
Routledge
1997
|
| Serie: | Routledge studies in international business and the world economy
|
| Soggetti: | |
| Tags: |
Nessun Tag, puoi essere il primo ad aggiungerne!!
|
MARC
| LEADER | 00000nam a2200000 4500 | ||
|---|---|---|---|
| 001 | c104049 | ||
| 005 | 20230315134418.5 | ||
| 020 | |a 0-415-13549-4 | ||
| 041 | 0 | |a eng | |
| 044 | |a GB | ||
| 245 | 1 | 0 | |a <The> Global structure of financial markets |b <an> overview |c Edited by Dilip K. Ghos and Edgar Ortiz |
| 264 | 1 | |a London |b Routledge |c 1997 | |
| 300 | |a 445 s. | ||
| 490 | 1 | |a Routledge studies in international business and the world economy | |
| 830 | 0 | |a Routledge studies in international business and the world economy | |
| 610 | 2 | 0 | |a trh finančný medzinárodný |
| 610 | 2 | 0 | |a trh kapitálový medzinárodný |
| 610 | 2 | 0 | |a financie medzinárodné |
| 610 | 2 | 0 | |a hospodárstvo svetové |
| 610 | 2 | 0 | |a obchod medzinárodný |
| 610 | 2 | 0 | |a podnikanie medzinárodné |
| 610 | 2 | 0 | |a financie medzinárodné |
| 700 | 1 | |a Ghos, Dilip K. | |
| 700 | 1 | |a Ortiz, Edgar | |